Super extra grande /
Guardado en:
| Hovedforfatter: | |
|---|---|
| Format: | Bog |
| Sprog: | Spanish |
| Udgivet: |
La Habana, Cuba
Editorial Gente Nueva,
2012.
|
| Fag: | |
| Tags: |
Tilføj Tag
Ingen Tags, Vær først til at tagge denne postø!
|
MARC
| LEADER | 00000nam a22000007a 4500 | ||
|---|---|---|---|
| 008 | 141118s2012 cu a|||| |||| 000 1 spa d | ||
| 020 | |a 9789590814129 | ||
| 040 | |a CRU CIICLA | ||
| 082 | |a Cu863.4 |b S212s | ||
| 100 | 1 | |a Sánchez Gómez, José Miguel | |
| 245 | 1 | 0 | |a Super extra grande / |c Yoss |
| 260 | |a La Habana, Cuba |b Editorial Gente Nueva, |c 2012. | ||
| 300 | |a 102 páginas: |b ilustraciones | ||
| 650 | 4 | |a CUENTOS DE CIENCIA FICCION | |
| 650 | 4 | |9 76 |a LITERATURA COSTARRICENSE |v CUENTOS | |
| 942 | |2 ddc |c BK | ||
| 999 | |c 3586 |d 3586 | ||



